000 01161nam a22003497a 4500
001 0071175
003 KOHA_MİRAKIL
005 20260207004957.0
007 ta
008 240718b2023 tu |||gr||||#||||0|eng |
020 _a9786259954134
040 _aTR-BiSEU
_btur
_cTR-BiSEU
_erda
041 0 _aeng
044 _ctu
050 _aBF637
_b.D46 2023
100 1 _aDemirden, Ahmet.
245 1 _aInterpersonal conflict resolution strategies :
_bmotivations and emotions /
_cAhmet Demirden ; Ahmet Demirden.
264 1 _aAnkara :
_bPolis Akademisi Yayınları
_c2023
300 _a117 pages ;
_c21 cm.
336 _ametin
_btxt
_2rdacontent
337 _aaracısız
_bn
_2rdamedia
338 _acilt
_bnc
_2rdacarrier
490 1 _aPolis Akademis Yayınları ;
_v180
500 _aIncludes bibliographical references.
650 0 _aDispute resolution--(Law).
_9139789
650 0 _ainterpersonal conflict.
_9139790
650 0 _aÇatışma yönetimi.
_923549
650 0 _aUyuşmazlık çözümü--(Hukuk).
_9139791
650 0 _aKişilerarası çatışma.
_914005
830 1 _aPolis Akademis Yayınları ;
_v180
_9137712
942 _2lcc
_cBK
999 _c71921
_d71921